01540nam a2200409 i 450000100060000000300080000600500170001400600190003100700150005000800410006502000270010602000180013303500220015104000310017305000230020408000070022708200140023410000310024824500770027926400420035630000410039833600310043933700330047033800430050350000220054650400290056858800680059759001620066560000340082760000340086165000490089565000480094465500270099279700170101985600770103699900170111319652FlNmELB20241216213800.0m o d | cr cnu||||||||150202s2012 sp ob 001 0 spa d a9788416247004 (e-book) z9788415174349 a(OCoLC)1198300198 aFINmELBbspaerdacFINmELB 4aPR4581b.P944 2012 a820 a823.82231 aPérez de Villar, Amelia.10aDickens enamorado :bun ensayo biográfico /cAmelia Pérez de Villar. 1aMadrid :bFórcola Ediciones,c2012. a1 recurso en línea (188 páginas) atextobtxt2rdacontent/spa acomputadorabc2rdamedia/spa arecurso en líneabcr2rdacarrier/spa aIncluye índice. aContiene bibliografía. aDescripción basada en el editor de metadatos y otras fuentes. aRecurso electrónico. Santa Fe, Arg.: elibro, 2015. Disponible vía World Wide Web. El acceso puede estar limitado para las bibliotecas afiliadas a elibro.10aDickens, Charles,d1812-1870.14aDickens, Charles,d1812-1870. 0aNovelists, Englishy19th centuryvBiography. 4aNovelista inglésySiglo XIXvBiografía. 4aLibros electrónicos.2 aelibro, Corp40uhttps://elibro.net/ereader/politecnicointernacional/43879zClick to View c19652d19652